000 00836nam a2200217 a 4500
001 78559
003 BD-RjUL
005 20211209083137.0
008 211005s1989 bg ||||| |||| 00| 0 ben d
035 _a(BD-RjUL)78785
040 _aBD-RjUL
_beng
_cBD-RjUL
041 _aben
082 _223
_a891.44409
_bMAV 1989
100 _aমামুদ, হায়াৎ
_9248883
245 1 0 _aভ্রমি বিস্ময়ে /
_cহায়াৎ মামুদ
260 _aঢাকা :
_bবাংলা একাডেমী,
_c১৯৮৯
300 _a১৬৬ পৃ.;
_c২২ সেমি.
650 _aবাংলা সাহিত্য
_xপ্রবন্ধ
_xইতিহাস ও সমালোচনা
_9248884
650 _aBengali literature
_xEssays
_xHistory and Criticism
_9248885
942 _2ddc
_cBK
999 _c78559
_d78559